000 01250nam2a22002891 4500
001 v19\rc\1373372
005 20250618084912.0
035 _a(NLR Aleph) 004510964
090 _a4769488
_c4769488
100 _a20060512d1882 |||y0rusy50 ca
101 1 _arus
_cger
102 _aRU
105 _ay z |||||
200 1 _aБамбергер. Лейбе. Лейхтенштерн. Френцель. Лейден. Сенатор. Вальденбург. Литтен. Вестфаль. Генох. Кениг]
210 _d1882
_aБ. м.
215 _a[3], 393-639 с.
461 0 _1001v19\rc\1373360
_12001#$aЛекции современных немецких клиницистов$fСобр. и пер. Ю. Гольдендах. Т. 1-$vТ. 4. [Кн. 3
_94769372
_cМосква
_d1868-1882
_fСобр. и пер. Ю. Гольдендах. Т. 1-
_nтип. А.И. Мамонтова
_tЛекции современных немецких клиницистов
_vТ. 4. [Кн. 3
801 0 _aRU
_bNLR
_gpsbo
801 0 _aRU
_bRuMoRGB
_2psbo
801 1 _aRU
_bProSoft-M
_2rusmarc
852 _aNLR
_j18.192.4.9
899 _aRuMoRGB
_jE 64/264
899 _aRuMoRGB
_jT 67/323
899 _aБАН
899 _aНБ МГУ
942 _cBOOK
980 _aNB